000 00594nam a2200181Ia 4500
008 100920s9999 xx 000 0 und d
082 _b105875
_a891.463.1 न 08
100 _aकुलकर्णी जी.ए.
245 _aकुसुम गुंजा.
260 _bपरचुरे गं पा. प्रकाशन, मुंबई.
_c2008
300 _a121
_bसाधी
365 _b125
520 _aलघुकथा.
630 _aकुसुम गुंजा.
650 _aलघुकथा.
730 _aकुसुम गुंजा.
942 _cBOOK
999 _c746306
_d746303